| 000 | 00555nam a2200169 a 4500 | ||
|---|---|---|---|
| 005 | 20140412111310.0 | ||
| 008 | 060117s19uu xx 00 eng d | ||
| 020 | _a0-590-96372-4 | ||
| 050 |
_aTR(GS 581.3 _bOl 1997 |
||
| 100 | _aOlien, Rebecca | ||
| 245 |
_aExploring Plants, Grades 2-4 / _cRebecca Ollien. |
||
| 260 |
_aNew York : _bScholastic Inc., _c1997. |
||
| 300 | _a72 p. ; ill. | ||
| 520 | _aSimple hands-on activities--Literature Links--Reproducibles-- Cross-Curriculum Projects. | ||
| 650 |
_aSciences _xJuvenile literature |
||
| 999 |
_c103919 _d103919 |
||